Terence Davies /

Terence Davies has made some of the most innovative, harrowing, and hauntingly lyrical films of the contemporary era. This study of his work combines detailed analysis of all his films with an investigation of key filmic issues of time and memory, identity and selfhood, and the nature of literary ad...

Full description

Bibliographic Details
Main Author: Everett, Wendy E. (Wendy Ellen), 1945- (συγγραφέας)
Other Authors: Davies, Terence, 1945-2023
Format: Book
Language:English
Published: Manchester ; New York : New York : Manchester University Press ; Distributed exclusively in the USA by Palgrave, 2004.
Subjects:
LEADER 01805cam a2200313 i 4500
001 13771801
003 GR-PaULI
005 20240604102646.0
008 240604s2004 enka g bq 001 0deng d
010 |a  2004303868 
020 |a 0719060613 (hbk.) 
020 |a 0719060621 (pbk.) 
020 |a 9780719060625 
040 |a CUS  |c CUS  |d OCLCQ  |d UKM  |d DLC  |d GR-PaULI  |b gre  |e AACR2 
082 0 0 |a 791.430 233 092  |2 23 
100 1 |a Everett, Wendy E.  |q (Wendy Ellen),  |d 1945-  |e συγγραφέας 
245 1 0 |a Terence Davies /  |c Wendy Everett. 
260 |a Manchester ;  |a New York :  |b Manchester University Press ;  |a New York :  |b Distributed exclusively in the USA by Palgrave,  |c 2004. 
300 |a ix, 246 σ. :  |b εικ. ;  |c 23 εκ. 
500 |a Στο κεφ. 8 περιλαμβάνεται συνέντευξη του Terence Davies. 
504 |a Περιλαμβάνει βιβλιογραφία, φιλμογραφία και ευρετήριο. 
520 |a Terence Davies has made some of the most innovative, harrowing, and hauntingly lyrical films of the contemporary era. This study of his work combines detailed analysis of all his films with an investigation of key filmic issues of time and memory, identity and selfhood, and the nature of literary adaptation. 
600 4 |a Davies, Terence,  |d 1945-2023  |x Ερμηνεία και κριτική.  |9 203991 
650 4 |9 203995  |a Κινηματογραφικοί παραγωγοί και σκηνοθέτες  |z Μεγάλη Βρετανία. 
700 1 |a Davies, Terence,  |d 1945-2023. 
942 |2 ddc  |c BK15 
952 |0 0  |1 0  |2 ddc  |4 0  |6 791_430000000000000_233_092_DAV_EVE  |7 0  |9 380887  |a THST  |b THST  |d 2024-06-04  |i 017924  |l 0  |o 791.430 233 092 DAV EVE  |p 025000299848  |r 2024-06-04 00:00:00  |t 1  |w 2024-06-04  |y BK15 
998 |c ΜΑΝΙΑ  |d 2024-06 
999 |c 221326  |d 221326